Využitie pohybu, skladby stravy a výživových doplnkov pri prevencii obezity
Guardado en:
| Autor principal: | |
|---|---|
| Formato: | Libro |
| Lenguaje: | eslovaco |
| Publicado: |
Bratislava
STU FCHPT
2011
|
| Acceso en línea: | Ver en el OPAC |
| Etiquetas: |
Sin Etiquetas, Sea el primero en etiquetar este registro!
|
MARC
| LEADER | 00000nam a2200000 a 4500 | ||
|---|---|---|---|
| 005 | 20260127134015.0 | ||
| 008 | 110916 2011 xo 000 0 slo d | ||
| 035 | |a vtls010311421 | ||
| 039 | 9 | |a 201109161006 |b mschk03 |c 201109160925 |d mschk03 |y 201109160916 |z mschk03 | |
| 040 | |a STUSCHK1 |b slo |c STUSCHK1 |e AACR2 | ||
| 100 | 1 | |a Hanáková, Veronika | |
| 245 | 1 | |a Využitie pohybu, skladby stravy a výživových doplnkov pri prevencii obezity |c Veronika Hanáková | |
| 260 | |a Bratislava |b STU FCHPT |c 2011 | ||
| 300 | |a 41 s. |b il. |c 30 cm | ||
| 500 | |a Obháj.: 14.7. 2011 | ||
| 500 | |a Študijný program: biotechnológia | ||
| 500 | |a Študijný odbor: 5.2.25 biotechnológie | ||
| 500 | |a Bakalárska práca | ||
| 500 | |a FCHPT, Oddelenie výživy a hodnotenia potravín | ||
| 500 | |a Evidenčné číslo: 5453-50595 | ||
| 910 | |a SCHK95 | ||
| 999 | |c 1995 |d 1995 | ||